| 000 | 00330nam a2200121Ia 4500 | ||
|---|---|---|---|
| 008 | 250110s9999 xx 000 0 und d | ||
| 041 | _aeng | ||
| 100 |
_aTamboli Gazala _9182602 |
||
| 245 | _aGliders Club At Hadapsar Pune | ||
| 260 |
_bFinal Year B. Arch, BNCA _c2014 |
||
| 300 | _a107p | ||
| 700 |
_aGuide Name:Kanhere G k _9210277 |
||
| 999 |
_c363469 _d363469 |
||